000 00719nam a2200241Ia 4500
003 OSt
005 20220923224045.0
006 a|||||r|||| 00| 0
007 ta
008 Pun
024 _a224,513
037 _cTextual
040 _aARTS
_cARTS
_bPun
041 _2Pun
_aPun
082 _aO153,3N17,SD, N6
100 _aਦੁਗੱਲ, ਕਰਤਾਰ ਸਿੰਘ
_9156274
245 0 _aਸਰਬੱਤ ਦਾ ਭਲਾ
260 _aਦਿੱਲੀ
_b ਆਰਸੀ ਪਬਲੀFਰਗ਼
_c1996
300 _a426ਪੰ
_ccm.
650 _aਪੰਜਾਬੀ ਸਾਹਿਤ
942 _hO153,3N17,SD, N6
_cTEXL
_2CC
999 _c368916
_d368916